Normal view
MARC view
Entry Personal Name
001 - CONTROL NUMBER
- control field: 498457
003 - CONTROL NUMBER IDENTIFIER
- control field: OSt
005 - DATE AND TIME OF LATEST TRANSACTION
- control field: 20220928141021.0
008 - FIXED-LENGTH DATA ELEMENTS
- fixed length control field: 220928|| aca||aabn | a|a d
040 ## - CATALOGING SOURCE
- Original cataloging agency: OSt
- Transcribing agency: OSt
100 ## - HEADING--PERSONAL NAME
- Personal name: Kinnamon Keneth Ed
670 ## - SOURCE DATA FOUND
- Source citation: Work cat.: (OSt)815215: Kinnamon Keneth Ed., James Baldwin , 1974
